BAZAR #3 : Rap FR (Flammes, livres, couples, famille, décédés...) - Statistiques

Statistiques générales
  • Ce quiz a été pris 12 fois
  • Le résultat moyen est 5 sur 22
Statistiques - réponses
Catégorie Recherche/Catégorie/Question Réponse % Correct
Couple Chanteuse et Rappeur Wejdene Koba LaD
91%
[années : naissance~décès] 1994~2025 WeRenoi
73%
[chanteuse → rappeur] Adèle Castillon Theodort
64%
Flamme de l'album de l'année [2024] Werenoi ~ Pyramide 2
64%
[frère → sœur] Le Motif [beatmaker] Shay
55%
[livres → rappeur] Petit Pays / Jacaranda Gaël Faye
27%
[années : naissance~décès] 1998~2022 Luv Resval
27%
Rappeurs français décédés [années : naissance~décès] 1990~2019 Népal
27%
[années : naissance~décès] 1972~2026 Calbo (Ärsenik)
18%
[années : naissance~décès] 1977~2011 [beatmaker] DJ Mehdi
18%
Feat Surprise ! (pas nommé/) [morceau → feat caché] Vald ~ Halloween SCH
18%
[fils → père] JMK$ Akhenaton (IAM)
9%
Flamme de l'album de l'année [2022] Gazo ~ KMT
9%
[livre → rappeur] Ensemble, on aboie en silence Gringe
9%
Flamme de l'album de l'année [2023] Hamza ~ Sincèrement
9%
[morceau → feat caché] La Fève ~ LOYAL Tiakola
9%
Rappeurs familiaux (pas en duo) [cousin → cousin] FLEM [beatmaker] Dinos
0%
Rappeurs et auteurs : [livres → rappeur] René / Le derniers de la rue Ponty Disiz (la Peste)
0%
[morceau → feat caché] Rounhaa ~ BONBON & FLEUR Khali
0%
[frère → frère] Amne [beatmaker] Kpri
0%
[années : naissance~décès] 1977~2023 Morad (Scred Connexion)
0%
[chanteuse → rappeur] (ex) Theodora Zoomy
0%
Aucun quiz correspondant
Distribution des résultats
% des personnes avec chaque résultat
Percentile par nombre de réponses
Votre historique - résultats
Vous n’avez pas pris ce quiz